UBT Library

An Introductin to Policing (Record no. 55657)

000 -LEADER
fixed length control field 00329nam a22001457a 4500
008 - FIXED-LENGTH DATA ELEMENTS--GENERAL INFORMATION
fixed length control field 210303b ||||| |||| 00| 0 eng d
020 ## - INTERNATIONAL STANDARD BOOK NUMBER
International Standard Book Number 9781133594727
041 ## - LANGUAGE CODE
Language code of text/sound track or separate title eng
080 ## - UNIVERSAL DECIMAL CLASSIFICATION NUMBER
Edition identifier 7th
Universal Decimal Classification number 343.9
082 ## - DEWEY DECIMAL CLASSIFICATION NUMBER
Classification number 343.9
100 ## - Rafti
Rafti 13
101 ## - Shkurtesa
Shkurtesa KRI
245 ## - TITLE STATEMENT
Title An Introductin to Policing
Statement of responsibility, etc Dempsey, J. S
942 ## - ADDED ENTRY ELEMENTS (KOHA)
Source of classification or shelving scheme
Item type Books
Holdings
Withdrawn status Lost status Source of classification or shelving scheme Damaged status Not for loan Collection code Permanent location Current location Shelving location Date acquired Total Checkouts Full call number Barcode Date last seen Price effective from Koha item type
          Koleksioni i përgjithshem UBT - Lipjan UBT - Lipjan Koleksioni i përgjithshem 03/03/2021   343.9 DEM 002-6000230 03/03/2021 03/03/2021 Books
UBT Library © 2015-2024. All rights reserved University Education for Business and Technology